Datum a čas kvízu
35.5
Celkem bodů
Celkový počet nahraných bodů na tomto kvízu bez doplňovacích otázek.
5.
Pořadí na kvízu
Konečné umístění týmu na tomto kvízu.
Zaznamenané odpovědi
| # | Otázka | Odpověď | Body | Výsledky |
|---|---|---|---|---|
| 1. | Hned tři akce naráz přerušilo... | Kateřina Marie Tichá | 0 | |
| 2. | V pondělí jsme se dozvěděli o... | Starbucks | 0 | |
| 3. | Minulý týden byl představen tr... | Jiří Mádl; Tomáš Vorel (ml.) | 1 | |
| 4. | Česká společnost Snuggs se sta... | menstruační kalhotky | 1 | |
| 5. | Jak se jmenuje vítěz ankety Fo... | Tomáš Souček; West Ham (United) | 0 | |
| 6. | Podíváme se na temné stránky d... | A) Diviš Bořek z Miletínka | 1 | |
| 7. | Doba pobělohorská znamenala zá... | Obnovené zřízení zemské | 1 | |
| 8. | První světová válka znamenala... | Osmanská říše | 1 | |
| 9. | V období tzv. Protektorátu se... | František Fajtl | 0 | |
| 10. | Seřaďte tyto komunistické prez... | 1C 2D 3A 4B | 0 |